000 00998am a2200313a 44500
003 AR-BaBNM
005 20251128211111.0
008 222120s1995 #AR|||||||||||000 | ing||
020 _a0-15-500098-5
040 _cAR-BaBNM
100 1 _aLaughlin, Margaret, A.
245 1 0 _aChallenges of social studies instruction in middle and high schools
_bdeveloping enlightened citizens
260 _aFort Worth
_bHarcourt Brace College
_c1995
300 _a500 p.
_btablas, gráf.
500 _aContiene índice alfabético
504 _aContiene referencias bibliográficas al final de cada capítulo
650 4 _aENSEÑANZA DE LAS CIENCIAS SOCIALES
650 4 _aCURRICULO
650 4 _aPROCESO DE APRENDIZAJE
650 4 _aTEORIAS DEL APRENDIZAJE
651 4 _aEstados Unidos
653 _aNIVEL MEDIO
653 _aESTRATEGIAS DIDACTICAS
653 _aEDUCACION SECUNDARIA
653 _aEDUCACION SUPERIOR
700 1 _aHartoonian, H. Michael
942 _cBK
998 _craquel
999 _c18228
_d18228